W. HORWITZ (ED.) OFFICIAL METHODS OF ANALYSIS

Bibliographic Details
Main Author: Šubert, J. (Author)
Format: Article
Language:Czech

MARC

LEADER 00000nab a2200000uu 4500
001 vtls011453831
003 SK-MaSNL
005 20260303113321.0
008 230121|1976 xo |||||||||||||||||cze|
015 |a SNBRB 
035 |a (urnnbn)urn:nbn:sk:snk:ar-00813w 
035 |a (uuid)182aa145-1d6c-45b7-b7e9-576cc21fadb5 
035 |a urn:nbn:sk:snk-abcp8u 
040 |a SNKBUCL  |b slo  |c SNKBUCL  |e AACR2 
041 0 |a cze 
044 |a xo  |c SK 
100 1 |a Šubert, J.  |4 aut  |9 806378 
245 1 0 |a W. HORWITZ (ED.) OFFICIAL METHODS OF ANALYSIS  |c J. Šubert 
773 0 |t Farmaceutický obzor : odborný časopis Ministerstva zdravotníctva Slovenskej republiky a Slovenskej zdravotníckej univerzity v Bratislave  |g Roč. 45, č. 4 (1976), s. 185-186 
954 |a odborná, vedecká literatúra cudzojazyčná (svetová)  |2 lita 
958 |a OND 
958 |a EUIPO 
958 |a article16 
999 |c 1891749  |d 1893679